000 004430000a22001690004500
003 MACL
005 20160106130724.0
008 160106b xxu||||| |||| 00| 0 eng d
040 _aMACL
_cMACL
041 _aEnglish
082 _a910/APR
100 _aAl Hassan Ibn Mohammed
_928601
245 _aThe History and Description of Africa
_bvol 2
260 _bThe Hakluyt Society
_aLondon
650 _aTravel
_928602
942 _cBK
_k910/AFR
_2ddc
999 _c38689
_d38689